| 000 | 00448nam a2200145Ia 4500 | ||
|---|---|---|---|
| 008 | 180713s9999 xx 000 0 und d | ||
| 082 | _a621.381 5 B19 | ||
| 100 | _a"Bhatt, Geeta " | ||
| 245 | 0 | _aExperiments Based on Analog and Digital Eletronics | |
| 260 | _aNew Delhi | ||
| 260 | _b IK International Publishing House p Ltd | ||
| 260 | _c2012 | ||
| 365 | _b195 | ||
| 942 | _cBK | ||
| 999 |
_c108998 _d108998 |
||